| 000 | 00416pab a2200169 454500 | ||
|---|---|---|---|
| 008 | 180718b2007 xxu||||| |||| 00| 0 eng d | ||
| 100 | _aBoeri, Tito | ||
| 245 | _aTwo tier reforms of employment protection: a honeymoon effect? | ||
| 260 | _c2007 | ||
| 300 | _ap.F357-85. | ||
| 362 | _aJun | ||
| 650 | _aEmployment | ||
| 700 | _aGaribaldi, Pietro | ||
| 773 | _aEconomic Journal | ||
| 908 | _aN | ||
| 909 | _a77548 | ||
| 999 |
_c77548 _d77548 |
||